Представление документа в формате RUSMARC

ПолеНазваниеЗначение
  Тип записи a
  Библиографический уровень m
001 Контрольный номер UONB/MAIN/287e6565c7a1477199172eace5c29a18
005 Дата корректировки 20260515103916.3
010 Индекс ISBN __
b Уточнения в пер.
d Цена 30 р.
100 Данные общей обработки __
a Данные общей обработки 20260515d1948 u y0rusy0189 ca
101 Язык документа 0_
a Язык текста rus
102 Страна публикации __
a Страна публикации RU
105 Кодированные данные (монография) __
a Кодированные данные (монография) a z 000yy
200 Заглавие и сведения об ответственности 1_
a Заглавие Штурм Берлина
e Сведения, относящиеся к заглавию воспоминания, письма, дневники участников боев за Берлин
f Первые сведения об ответственности материал собран и обработан Е. Герасимовым, Е. Долматовским, Ц. Солодарем
203 Вид содержания и тип средства __
a Вид содержания Текст
b Характеристика содержания визуальный
c Тип средства непосредственный
210 Выходные данные 1_
a Место издания Москва
c Издательство Воениздат
d Дата издания 1948
215 Физическое описание __
a Объем 487 с.
c Иллюстрации/тип воспроизводства ил., портр., схем.
317 Примечания о происхождении экземпляра __
a Примечания о происхождении экземпляра Григорьевский фонд № 543075
327 Примечание о содержании 01
a Примечание о содержании Содерж.: Разделы: На одерских плацдармах; Прорыв; В предместьях и на окраинах Берлина; Форсирование Шпрее; В стальных клещах наших войск; В центральных кварталах; Взятие Рейхстага; Капитуляция Берлина
606 Тематические рубрики 0_
a Основная рубрика Берлинская операция 1945 г.
606 Тематические рубрики 0_
a Основная рубрика Великая Отечественная война 1941-1945 гг.
x Основная подрубрика Военные операции
y Географическая подрубрика Германия
610 Ключевые слова 0_
a Ключевые слова Берлинская операция 1945 г.; военные операции в Германии
686 Индексы других классификаций __
a Классификационный индекс 63.3(2)622.13
2 Код системы rubbk
702 Вторичная интеллектуальная ответственность _1
a Фамилия Герасимов
b Имя (инициалы) Е.
4 Код отношения 220
702 Вторичная интеллектуальная ответственность _1
a Фамилия Долматовский
b Имя (инициалы) Е.
4 Код отношения 220
702 Вторичная интеллектуальная ответственность _1
a Фамилия Солодарь
b Имя (инициалы) Ц.
4 Код отношения 220
801 Источник записи _0
a Страна RU
b Организация Ульяновская ОНБ
c Дата составления 20260515
g Правила каталогизации RCR
801 Источник записи _1
a Страна RU
b Организация Ульяновская ОНБ
c Дата составления 20260515
g Правила каталогизации RCR
901 Тип документа __
t Тип документа m
909 Создатель записи __
a Создатель записи Оргеткина
b Дата создания записи 20260515